000 00400nmm a2200145Ia 4500
008 251105s9999||||xx |||||||||||||||||und||
041 _aspa
100 _aBlake, Evie
245 0 _aValentina y el cuarto oscuro
264 _a[Madrid, España] :
_bEdiciones B,
_c2014
300 _a408 páginas
650 _aErotic novel
856 _uhttps://public.digitaliapublishing.com/a/53958
942 _cCF
999 _c104966
_d104966